[Event "Remco Heite Open 2012"]
[Site "Wolvega NED"]
[Date "2012.11.17"]
[Round "1.1"]
[White "Hendriks, Richard"]
[Black "L'Ami, Erwin"]
[Result "0-1"]
[BlackTitle "GM"]
[WhiteElo "2119"]
[BlackElo "2629"]
[WhiteFideId "1006096"]
[BlackFideId "1007998"]
[EventDate "2012.11.17"]

1. e4 c6 2. d4 d5 3. Nc3 dxe4 4. Nxe4 Bf5 5. Ng3 Bg6 6. Nh3 Nf6 7. Bc4 e6 8. Nf4
Bd6 9. c3 Nbd7 10. Nxg6 hxg6 11. Qf3 Nd5 12. h3 N7f6 13. O-O Qc7 14. Ne4 Nxe4
15. Qxe4 Bf4 16. Bxf4 Nxf4 17. Rfe1 g5 18. Qe5 Qxe5 19. Rxe5 f6 20. Re3 Kd7 21.
Rae1 Rae8 22. b4 Nd5 23. Rg3 Rh4 24. a3 a6 25. Bb3 Re7 26. Bd1 b5 27. Bg4 Rh8
28. Rc1 Ra8 29. c4 Nb6 30. d5 cxd5 31. cxd5 Nxd5 32. Rd3 Kd6 33. Rc5 Rc7 34.
Rxc7 Kxc7 35. Bxe6 Nf4 36. Rc3+ Kb6 37. Bg4 Re8 38. Kf1 a5 39. Bf3 axb4 40. axb4
Re6 41. g3 Ng6 42. Rc8 Ne5 43. Rb8+ Ka7 44. Ra8+ Kb6 45. Rb8+ Kc7 46. Rb7+ Kc8
47. Bg2 Nd3 48. Kg1 Re1+ 49. Kh2 Re2 50. Rxb5 Rxf2 51. Kg1 Rb2 52. Be4 Nxb4 53.
Bf5+ Kc7 54. Ra5 Nc6 55. Rd5 Ne5 56. Be4 Re2 57. Bg2 Ra2 58. Rd1 Ra3 59. g4 Ra2
60. Rb1 Ra7 61. Kf2 Ng6 62. Rb3 Kd6 63. Kg3 Rc7 64. Bf3 Ne5 65. Be4 Rc4 66. Bf5
Kc6 67. h4 gxh4+ 68. Kxh4 Rc1 69. Kg3 Kc5 70. Re3 Kd4 71. Ra3 g5 72. Ra4+ Rc4
73. Ra3 Rc3+ 74. Kg2 Rxa3 0-1

[Event "Remco Heite Open 2012"]
[Site "Wolvega NED"]
[Date "2012.11.17"]
[Round "1.2"]
[White "Dgebuadze, Alexandre"]
[Black "Jonkman, Fokke"]
[Result "1-0"]
[WhiteTitle "GM"]
[WhiteElo "2526"]
[BlackElo "2084"]
[WhiteFideId "203882"]
[BlackFideId "1002309"]
[EventDate "2012.11.17"]

1. e4 c5 2. Nf3 g6 3. c4 Nc6 4. d4 cxd4 5. Nxd4 Bg7 6. Be3 Nf6 7. Nc3 O-O 8. Be2
d6 9. O-O Bd7 10. Kh1 Nxd4 11. Bxd4 Bc6 12. Qd3 a5 13. f4 Nd7 14. Bxg7 Kxg7 15.
Bg4 Nc5 16. Qd4+ f6 17. e5 Qc7 18. exf6+ Rxf6 19. Rae1 e5 20. fxe5 dxe5 21. Qe3
Raf8 22. Rxf6 Rxf6 23. Kg1 Qb6 24. b3 e4 25. h3 Qb4 26. Qd4 Kf7 27. Rd1 h5 28.
Nd5 Bxd5 29. Qxd5+ Kg7 30. Be2 Qb6 31. Qd4 Kh6 32. Qe3+ Kg7 33. Rd5 Rc6 34. Qd4+
Kh7 35. Kh1 Qc7 36. a3 Qg3 37. Rd8 Kh6 38. Qh8+ Kg5 39. Rd5+ Kh4 40. Rxh5+ 1-0

[Event "Remco Heite Open 2012"]
[Site "Wolvega NED"]
[Date "2012.11.17"]
[Round "1.3"]
[White "Sijbesma, Rienk"]
[Black "Van Den Doel, Erik"]
[Result "0-1"]
[BlackTitle "GM"]
[WhiteElo "2132"]
[BlackElo "2570"]
[WhiteFideId "1019376"]
[BlackFideId "1003720"]
[EventDate "2012.11.17"]

1. d4 Nf6 2. g3 c5 3. Nf3 cxd4 4. Nxd4 e5 5. Nb3 d5 6. Bg2 Nc6 7. O-O Be6 8. Bg5
Be7 9. Nc3 d4 10. Bxf6 gxf6 11. Ne4 Qb6 12. Qd2 h5 13. h4 O-O-O 14. Kh2 Kb8 15.
f4 f5 16. Ng5 e4 17. Bh3 Bf6 18. a4 a5 19. Bxf5 Bxf5 20. Nxf7 d3 21. exd3 exd3
22. Nxd8 Rxd8 23. Rf3 dxc2 0-1

[Event "Remco Heite Open 2012"]
[Site "Wolvega NED"]
[Date "2012.11.17"]
[Round "2.3"]
[White "Van Den Doel, Erik"]
[Black "Potze, Rudolf"]
[Result "1-0"]
[WhiteTitle "GM"]
[WhiteElo "2570"]
[BlackElo "2134"]
[WhiteFideId "1003720"]
[BlackFideId "1008501"]
[EventDate "2012.11.17"]

1. e4 c5 2. Nf3 Nc6 3. Bb5 e6 4. Bxc6 dxc6 5. O-O Qc7 6. e5 Ne7 7. b3 Nf5 8. Bb2
Be7 9. d3 h5 10. Nbd2 b6 11. Ne4 Bb7 12. Nfg5 Bxg5 13. Nxg5 O-O-O 14. Qf3 Qe7
15. Qf4 Rh6 16. h3 Rg6 17. Ne4 c4 18. bxc4 c5 19. f3 Bxe4 20. fxe4 Nh6 21. a4 a5
22. Bc3 Rd7 23. Rab1 Kc7 24. Rb5 Kc6 25. Rfb1 Qd8 26. Qf2 Ra7 27. d4 1-0

[Event "Remco Heite Open 2012"]
[Site "Wolvega NED"]
[Date "2012.11.17"]
[Round "3.2"]
[White "Dgebuadze, Alexandre"]
[Black "De Vreugt, Dennis"]
[Result "1-0"]
[WhiteTitle "GM"]
[BlackTitle "GM"]
[WhiteElo "2526"]
[BlackElo "2424"]
[WhiteFideId "203882"]
[BlackFideId "1003909"]
[EventDate "2012.11.17"]

1. e4 c5 2. Nf3 Nc6 3. d4 cxd4 4. Nxd4 Nf6 5. Nc3 d6 6. Bc4 e6 7. Be3 a6 8. Qe2
Qc7 9. O-O-O Be7 10. Rhg1 h5 11. Bb3 Ng4 12. Kb1 Nxe3 13. Qxe3 Nxd4 14. Rxd4 Bd7
15. Rgd1 Qc5 16. e5 Bc6 17. exd6 Bf6 18. d7+ Kd8 19. Ne2 e5 20. Re4 Qxe3 21.
Rxe3 Kc7 22. Bxf7 Bxd7 23. Nc3 Bc6 24. Bd5 Rad8 25. Bxc6 Kxc6 26. Rxd8 Rxd8 27.
Rd3 Rf8 28. Ne4 Be7 29. c3 g5 30. h3 Rf4 31. f3 g4 32. hxg4 hxg4 33. Kc2 gxf3
34. gxf3 Rh4 35. Ng3 Bg5 36. b4 b5 37. Rd1 Rh2+ 38. Kb3 Bf4 39. Ne4 Rh3 40. Rd6+
Kc7 41. Rxa6 Rxf3 42. Nd6 Bd2 43. Nxb5+ Kd7 44. Rd6+ 1-0

[Event "Remco Heite Open 2012"]
[Site "Wolvega NED"]
[Date "2012.11.17"]
[Round "3.3"]
[White "De Jong, Migchiel"]
[Black "Van Den Doel, Erik"]
[Result "0-1"]
[WhiteTitle "IM"]
[BlackTitle "GM"]
[WhiteElo "2370"]
[BlackElo "2570"]
[WhiteFideId "1002848"]
[BlackFideId "1003720"]
[EventDate "2012.11.17"]

1. e4 e5 2. Nf3 Nc6 3. Bb5 a6 4. Ba4 Nf6 5. d3 d6 6. c4 g6 7. Nc3 Bg7 8. d4 exd4
9. Nxd4 Bd7 10. Bxc6 bxc6 11. O-O O-O 12. f3 Re8 13. Bg5 Qb8 14. Qd2 a5 15. Rad1
a4 16. Nc2 Be6 17. Ne3 Nd7 18. f4 f5 19. exf5 gxf5 20. Rf3 Qb4 21. Rg3 Kh8 22.
Bh4 a3 23. Rxg7 Kxg7 24. b3 Rg8 25. g4 Kf7 26. Kh1 Ra5 27. Qd3 Nc5 28. Qc2 fxg4
29. Ne2 Rg7 30. Be1 Qb6 31. f5 Bd7 32. b4 Ra8 33. f6 Rg6 34. Nf4 Rh6 35. bxc5
Qxc5 36. Qc3 Re8 37. Bf2 g3 38. Ng4 Rxh2+ 39. Nxh2 Qxf2 40. Nf3 h6 41. Ng2 Bh3
42. Rg1 Re2 43. Nfh4 Bxg2+ 44. Nxg2 Re4 0-1

[Event "Remco Heite Open 2012"]
[Site "Wolvega NED"]
[Date "2012.11.17"]
[Round "4.1"]
[White "Peelen, Piet"]
[Black "Dgebuadze, Alexandre"]
[Result "1/2-1/2"]
[WhiteTitle "IM"]
[BlackTitle "GM"]
[WhiteElo "2361"]
[BlackElo "2526"]
[WhiteFideId "1000403"]
[BlackFideId "203882"]
[EventDate "2012.11.17"]

1. d4 e6 2. Nf3 Nf6 3. g3 c5 4. Bg2 cxd4 5. Nxd4 d5 6. O-O e5 7. Nb3 Nc6 8. Bg5
Be6 9. Nc3 d4 10. Ne4 Be7 11. Bxf6 Bxf6 12. c3 O-O 13. Nbc5 Be7 14. Nxe6 fxe6
15. Qb3 Qd7 16. Bh3 Nd8 17. cxd4 exd4 18. Rad1 Qd5 19. Qxd5 exd5 20. Nd2 Bf6 21.
Nb3 Re8 22. Nxd4 Bxd4 23. Rxd4 Rxe2 24. Rb1 Nc6 25. Rxd5 Rf8 26. Rf5 g6 27.
Rxf8+ Kxf8 28. Bg2 a5 29. a3 Rd2 30. b4 a4 31. b5 Na5 32. Rb4 Rd1+ 33. Bf1 Nb3
34. Kg2 Rd4 35. Rxd4 Nxd4 36. f4 Nc2 37. b6 Ke7 38. Kf2 Kd6 39. Bd3 Nxa3 40. g4
Kc5 41. f5 gxf5 42. gxf5 Nb5 43. Bxb5 a3 44. f6 a2 45. f7 a1=Q 46. f8=Q+ Kxb5
47. Qf5+ Kxb6 48. Qxh7 Qd4+ 49. Ke2 Qg4+ 50. Kd2 Qf4+ 51. Kc3 Qe5+ 1/2-1/2

[Event "Remco Heite Open 2012"]
[Site "Wolvega NED"]
[Date "2012.11.17"]
[Round "4.2"]
[White "Van Den Doel, Erik"]
[Black "Nijboer, Friso"]
[Result "1/2-1/2"]
[WhiteTitle "GM"]
[BlackTitle "GM"]
[WhiteElo "2570"]
[BlackElo "2527"]
[WhiteFideId "1003720"]
[BlackFideId "1000063"]
[EventDate "2012.11.17"]

1. e4 d6 2. d4 Nf6 3. Nc3 g6 4. Be3 a6 5. h3 Nbd7 6. Nf3 e5 7. Bc4 Bg7 8. dxe5
dxe5 9. a4 O-O 10. O-O b6 11. Bg5 h6 12. Bxf6 Qxf6 13. Nd5 Qd6 14. Ne3 Qe7 15.
Nd5 Qd8 16. Nb4 Bb7 17. Bd5 Bxd5 18. Qxd5 Nc5 19. Qc6 Qd6 20. Qxd6 cxd6 21. Nd2
b5 22. axb5 axb5 23. Nd5 h5 24. b4 Ne6 25. Nb3 Nf4 26. Nc7 Rac8 27. Nxb5 Rxc2
28. Nxd6 Rb8 29. Nc5 Rxb4 30. Ra8+ Kh7 31. Nxf7 Rxc5 32. Ng5+ 1/2-1/2

[Event "Remco Heite Open 2012"]
[Site "Wolvega NED"]
[Date "2012.11.17"]
[Round "4.3"]
[White "L'Ami, Erwin"]
[Black "De Jong, Migchiel"]
[Result "1-0"]
[WhiteTitle "GM"]
[BlackTitle "IM"]
[WhiteElo "2629"]
[BlackElo "2370"]
[WhiteFideId "1007998"]
[BlackFideId "1002848"]
[EventDate "2012.11.17"]

1. d4 e6 2. c4 Bb4+ 3. Bd2 Bxd2+ 4. Qxd2 d5 5. Nf3 Nf6 6. g3 O-O 7. Bg2 Nbd7 8.
O-O dxc4 9. Na3 e5 10. dxe5 Nxe5 11. Qc3 Nxf3+ 12. Bxf3 c6 13. Nxc4 Qe7 14. Rfd1
Be6 15. Qe5 Rfd8 16. Nd6 Nd5 17. Nf5 Bxf5 18. Qxf5 g6 19. Qc2 Rd6 20. Bxd5 Rxd5
21. Rxd5 cxd5 22. Rd1 Rd8 23. Rd4 Qe5 24. Qd2 Kg7 25. e3 f5 26. Qa5 Rd7 27. Qxa7
g5 28. Qc5 g4 29. Qc3 Kg6 1-0

[Event "Remco Heite Open 2012"]
[Site "Wolvega NED"]
[Date "2012.11.18"]
[Round "5.1"]
[White "Peelen, Piet"]
[Black "L'Ami, Erwin"]
[Result "0-1"]
[WhiteTitle "IM"]
[BlackTitle "GM"]
[WhiteElo "2361"]
[BlackElo "2629"]
[WhiteFideId "1000403"]
[BlackFideId "1007998"]
[EventDate "2012.11.17"]

1. d4 Nf6 2. Nf3 e6 3. g3 b6 4. Bg2 Bb7 5. O-O c5 6. c4 cxd4 7. Qxd4 Nc6 8. Qf4
Ne7 9. Nc3 Ng6 10. Qd4 Bc5 11. Qd3 O-O 12. Bg5 Bc6 13. b3 h6 14. Bxf6 Qxf6 15.
Ne4 Qe7 16. Nd4 Rad8 17. Nxc5 Bxg2 18. Kxg2 bxc5 19. Nf3 d6 20. Rfd1 Qb7 21. Kg1
Rd7 22. Rd2 Rfd8 23. Rad1 a5 24. h4 Ne7 25. Qc3 Nc6 26. a3 a4 27. bxa4 Qa6 28.
Qc2 Na5 29. Ne5 Rb7 30. Qe4 Rb6 31. Qf4 Qb7 32. Nd3 Nb3 33. a5 Nxd2 34. axb6 Nb3
35. Rb1 Nd4 36. Qe3 Ra8 37. Nf4 Ra6 38. Qd3 Rxb6 39. Rxb6 Qxb6 40. e3 Nf3+ 41.
Kf1 Ne5 42. Qc2 Qa6 0-1

[Event "Remco Heite Open 2012"]
[Site "Wolvega NED"]
[Date "2012.11.18"]
[Round "5.2"]
[White "Dgebuadze, Alexandre"]
[Black "Van Den Doel, Erik"]
[Result "1/2-1/2"]
[WhiteTitle "GM"]
[BlackTitle "GM"]
[WhiteElo "2526"]
[BlackElo "2570"]
[WhiteFideId "203882"]
[BlackFideId "1003720"]
[EventDate "2012.11.17"]

1. d4 d5 2. c4 dxc4 3. e3 Nf6 4. Bxc4 e6 5. Nf3 a6 6. a4 c5 7. O-O Nc6 8. Nc3
Be7 9. b3 O-O 10. Bb2 cxd4 11. exd4 Nb4 12. Re1 1/2-1/2

[Event "Remco Heite Open 2012"]
[Site "Wolvega NED"]
[Date "2012.11.18"]
[Round "5.3"]
[White "Nijboer, Friso"]
[Black "Etmans, Maarten"]
[Result "1-0"]
[WhiteTitle "GM"]
[BlackTitle "FM"]
[WhiteElo "2527"]
[BlackElo "2121"]
[WhiteFideId "1000063"]
[BlackFideId "1001345"]
[EventDate "2012.11.17"]

1. e4 g6 2. d4 c6 3. Nc3 Bg7 4. h3 d5 5. Nf3 dxe4 6. Nxe4 Nd7 7. c4 Ngf6 8. Nc3
O-O 9. Be2 e6 10. Be3 b6 11. O-O Bb7 12. Re1 Qc7 13. Bf1 Rad8 14. Qb3 a6 15. a4
c5 16. d5 e5 17. a5 Ne8 18. axb6 Nxb6 19. Ng5 Nd6 20. Nge4 Nxe4 21. Nxe4 Nd7 22.
Qa3 Rc8 23. b4 cxb4 24. Qxb4 h6 25. Reb1 Rb8 26. Qd6 Rfc8 27. Bxh6 Bxh6 28. Qxd7
Bg7 29. Qxc7 Rxc7 1-0

[Event "Remco Heite Open 2012"]
[Site "Wolvega NED"]
[Date "2012.11.18"]
[Round "6.1"]
[White "L'Ami, Erwin"]
[Black "Dgebuadze, Alexandre"]
[Result "1-0"]
[WhiteTitle "GM"]
[BlackTitle "GM"]
[WhiteElo "2629"]
[BlackElo "2526"]
[WhiteFideId "1007998"]
[BlackFideId "203882"]
[EventDate "2012.11.17"]

1. d4 Nf6 2. c4 e6 3. Nf3 Bb4+ 4. Bd2 a5 5. g3 b6 6. Bg2 Bb7 7. O-O O-O 8. Bf4
Be7 9. Nc3 Nh5 10. Bc1 Nf6 11. Qc2 Bb4 12. Rd1 Bxc3 13. Qxc3 d6 14. b3 Nbd7 15.
Bb2 Be4 16. Bf1 h6 17. Ne1 Bb7 18. f3 d5 19. Nd3 a4 20. Rac1 axb3 21. axb3 Qe7
22. c5 bxc5 23. dxc5 c6 24. Ra1 Rfe8 25. Rxa8 Rxa8 26. b4 Ba6 27. Ra1 Qf8 28.
Ra5 Bc4 29. Qa3 Rxa5 30. bxa5 Ne8 31. Ne5 Nxe5 32. Bxe5 Qe7 33. e3 Bxf1 34. Kxf1
Qg5 35. Bd6 Qf5 36. Ke2 Qc2+ 37. Ke1 g5 38. g4 h5 39. h3 hxg4 40. hxg4 Qb1+ 41.
Kd2 Qf1 42. a6 Qf2+ 43. Kd3 Qf1+ 44. Kc3 Qe1+ 45. Kb3 Qd1+ 46. Kb4 Qb1+ 47. Qb3
Qa1 48. Qd3 Qa2 49. Be5 Kf8 50. Bb8 Ke7 51. a7 Kd7 52. Qb3 Qd2+ 53. Ka4 1-0

[Event "Remco Heite Open 2012"]
[Site "Wolvega NED"]
[Date "2012.11.18"]
[Round "6.2"]
[White "Van Den Doel, Erik"]
[Black "Ypma, Peter"]
[Result "0-1"]
[WhiteTitle "GM"]
[WhiteElo "2570"]
[BlackElo "2150"]
[WhiteFideId "1003720"]
[BlackFideId "1027255"]
[EventDate "2012.11.17"]

1. e4 c5 2. Nf3 d6 3. d4 cxd4 4. Qxd4 Nc6 5. Bb5 Bd7 6. Bxc6 Bxc6 7. c4 Nf6 8.
Nc3 g6 9. O-O Bg7 10. Qd3 O-O 11. Nd4 Qb6 12. Nxc6 Qxc6 13. Rb1 a6 14. a4 Nd7
15. b3 Nc5 16. Qc2 Bxc3 17. Qxc3 Nxe4 18. Qb2 Rfd8 19. Bh6 e5 20. f3 Nc5 21. f4
Nd3 22. Qc3 Qc5+ 23. Kh1 Nf2+ 24. Rxf2 Qxf2 25. fxe5 Qf5 26. Re1 dxe5 27. h3 Rd3
28. Qb4 Rd7 29. Qc5 Re8 30. b4 e4 31. Qe3 Qh5 32. b5 axb5 33. axb5 Rd1 34. Rxd1
Qxd1+ 35. Kh2 Qd3 36. Qb6 Qxc4 37. Be3 Qd5 38. g3 Rd8 39. h4 Qa2+ 40. Kh3 Qe6+
41. Qxe6 fxe6 42. Kg4 Rf8 43. Bf4 e5 44. Bxe5 Rf5 45. Bd4 Rxb5 46. Kf4 Rb4 47.
Kxe4 Kf7 48. Kd5 Rxd4+ 49. Kxd4 Ke6 50. g4 h6 51. Ke4 b5 52. Kd4 b4 53. h5 g5 0-1

[Event "Remco Heite Open 2012"]
[Site "Wolvega NED"]
[Date "2012.11.18"]
[Round "6.3"]
[White "Nijboer, Friso"]
[Black "Peelen, Piet"]
[Result "1-0"]
[WhiteTitle "GM"]
[BlackTitle "IM"]
[WhiteElo "2527"]
[BlackElo "2361"]
[WhiteFideId "1000063"]
[BlackFideId "1000403"]
[EventDate "2012.11.17"]

1. e4 c6 2. d4 d5 3. e5 Bf5 4. Nf3 e6 5. Be2 Ne7 6. Nbd2 Ng6 7. Nb3 Nh4 8. Nxh4
Qxh4 9. O-O Nd7 10. Be3 Qd8 11. a4 h5 12. a5 h4 13. c4 dxc4 14. Bxc4 a6 15. Be2
Be7 16. Nd2 Qc7 17. f4 Rd8 18. Qb3 Rh6 19. Bf3 Nc5 20. Qc3 Rg6 21. b4 Nd3 22.
Rab1 Nxf4 23. Bxf4 Bxb1 24. Rxb1 Qd7 25. Nb3 Bg5 26. Bxg5 Rxg5 27. Qe3 Qe7 28.
Nc5 Rf5 29. Ne4 Kf8 30. Bg4 Rd5 31. Bxf5 exf5 32. Nc5 1-0

[Event "Remco Heite Open 2012"]
[Site "Wolvega NED"]
[Date "2012.11.18"]
[Round "7.1"]
[White "Ypma, Peter"]
[Black "L'Ami, Erwin"]
[Result "0-1"]
[BlackTitle "GM"]
[WhiteElo "2150"]
[BlackElo "2629"]
[WhiteFideId "1027255"]
[BlackFideId "1007998"]
[EventDate "2012.11.17"]

1. e4 c6 2. d4 d5 3. exd5 cxd5 4. Bd3 Nc6 5. c3 Nf6 6. h3 g6 7. Nf3 Bf5 8. Na3
Bxd3 9. Qxd3 Bg7 10. Bf4 O-O 11. O-O e6 12. Rfe1 a6 13. Nc2 b5 14. a4 Qb6 15.
axb5 axb5 16. Ne5 Na5 17. Bg5 Qb7 18. b4 Nc6 19. Bxf6 Bxf6 20. Nf3 Rfc8 21. Rxa8
Rxa8 22. Ra1 Rc8 23. Nd2 e5 24. Qf3 Kg7 25. Qxd5 Rd8 26. Qf3 exd4 27. Nxd4 Bxd4
28. cxd4 Qd7 29. d5 Qxd5 30. Qxd5 Rxd5 31. Ne4 Rd4 32. Nc3 Rxb4 33. Ra6 Nd4 34.
Rd6 Rc4 35. Rxd4 Rxd4 36. Nxb5 Rd1+ 37. Kh2 Rd3 38. Nc7 Kf6 39. Na6 Ke5 40. Nc5
Rc3 41. Nd7+ Ke6 42. Nf8+ Ke7 43. Nxh7 f6 44. g4 g5 45. f4 gxf4 46. g5 Rc2+ 47.
Kg1 fxg5 48. Nxg5 Kf6 49. Nf3 Ra2 50. Kf1 Kf5 51. Ke1 Ke4 52. Nd2+ Kd3 53. Nf1
f3 54. Ng3 Ke3 55. Nf5+ Kf4 56. Nd6 f2+ 57. Kf1 Kf3 58. h4 Ra1# 0-1

[Event "Remco Heite Open 2012"]
[Site "Wolvega NED"]
[Date "2012.11.18"]
[Round "7.3"]
[White "Slingerland, Caroline"]
[Black "Van Den Doel, Erik"]
[Result "1/2-1/2"]
[WhiteTitle "WFM"]
[BlackTitle "GM"]
[WhiteElo "2103"]
[BlackElo "2570"]
[WhiteFideId "1002732"]
[BlackFideId "1003720"]
[EventDate "2012.11.17"]

1. d4 Nf6 2. Nc3 d5 3. Bg5 Nbd7 4. e3 e6 5. Nf3 c5 6. Bd3 c4 7. Be2 Bb4 8. O-O
Bxc3 9. bxc3 Qa5 10. Nd2 Qxc3 11. a4 O-O 12. a5 Re8 13. Qc1 h6 14. Bh4 e5 15.
Ra4 Nc5 16. dxc5 Bf5 17. Bxf6 Qxc2 18. Rb4 gxf6 19. Qxc2 Bxc2 20. Rc1 Bg6 21. e4
Rec8 22. exd5 Rxc5 23. Rbxc4 Rxd5 24. Nb3 b6 25. Bf3 e4 26. Rxe4 Bxe4 27. Bxe4
Rad8 28. Bxd5 Rxd5 29. axb6 axb6 30. Kf1 Rd3 31. Rb1 Rd5 32. Ke2 Re5+ 33. Kd3
Rh5 34. h3 Rf5 35. f3 Rg5 36. Rb2 h5 37. Nd4 h4 38. Ke3 Kg7 39. f4 Ra5 40. Rxb6
Ra3+ 41. Rb3 Ra2 42. Kf3 Kg6 43. Re3 Rb2 44. Ne2 f5 45. Rd3 f6 46. Nd4 Ra2 47.
Nc6 Kf7 48. Re3 Rc2 49. Nd4 Rc5 50. g3 hxg3 51. Kxg3 Kg6 52. Kh4 Rc4 53. Rg3+
Kf7 54. Ne2 Re4 55. Rg2 Ra4 56. Kg3 Kg6 57. Kh4+ Kf7 58. Rf2 Kg6 59. Nc3 Rd4 60.
Rf3 Kh6 61. Nb5 Rd5 62. Nc7 Rd6 63. Re3 Rd4 64. Ne6 Rc4 65. Kg3 Kg6 66. h4 Rc1
67. Re2 Kh5 68. Ng7+ Kg6 69. Ne8 Rc6 70. Re3 Kh5 71. Kh3 Kg6 72. Rg3+ Kf7 73.
Ng7 Rc4 74. Nxf5 Rxf4 75. Nh6+ Kf8 76. h5 Rf1 77. Kg4 Kg7 78. Nf5+ Kh7 79. h6
Ra1 80. Kh5 Rh1+ 81. Nh4 f5 82. Rg7+ Kh8 83. Rf7 Kg8 84. Rxf5 Kh7 85. Rf7+ Kg8
86. Rd7 Kh8 87. Re7 Kg8 88. Kg5 Rg1+ 89. Kf6 Rf1+ 90. Nf5 Kh8 91. h7 Rxf5+ 92.
Kg6 Rf6+ 1/2-1/2

[Event "Remco Heite Open 2012"]
[Site "Wolvega NED"]
[Date "2012.11.18"]
[Round "8.1"]
[White "L'Ami, Erwin"]
[Black "Slingerland, Fred"]
[Result "1/2-1/2"]
[WhiteTitle "GM"]
[BlackTitle "IM"]
[WhiteElo "2629"]
[BlackElo "2336"]
[WhiteFideId "1007998"]
[BlackFideId "1002473"]
[EventDate "2012.11.17"]

1. d4 d5 2. c4 dxc4 3. Nf3 Nf6 4. e3 e6 5. Bxc4 c5 6. O-O Nc6 7. dxc5 Bxc5 8.
Qxd8+ Kxd8 9. Bd2 a6 10. Rc1 Bd6 11. Be2 Ke7 12. Na3 Ne4 13. Be1 Bd7 14. Nc4 Bc7
15. b4 Rhc8 16. a4 Nd6 17. Nb2 Na7 18. Nd3 Ne4 19. Nd4 Bd6 20. f3 Rxc1 21. Rxc1
Nf6 22. e4 Ne8 23. a5 Rc8 24. Nc5 Bxc5 25. bxc5 Nc7 26. Bg3 Ncb5 27. Nb3 f6 28.
Bc4 Rd8 29. e5 Bc6 30. exf6+ gxf6 31. Bf1 Bd5 32. Nd2 Nc6 33. Ra1 Ra8 34. Ra4
Kf7 35. Bd3 h5 36. Kf2 Rd8 37. Ke3 Nc3 38. Rh4 Nd1+ 39. Ke2 Nc3+ 40. Ke1 Bxf3
41. Bxa6 bxa6 42. gxf3 Nd4 43. Bd6 Ncb5 44. Kf2 Nf5 45. Rxh5 Kg6 46. Rh3 Nbxd6
47. cxd6 Rxd6 48. Ne4 Rd5 49. Rh8 Kg7 50. Re8 Kf7 51. Rc8 Rxa5 52. Rc7+ Kg6 53.
Nc5 Ra2+ 54. Kf1 Nd4 55. Rd7 Nxf3 56. Nxe6 Nxh2+ 57. Kg1 Nf3+ 58. Kf1 Nh2+ 1/2-1/2

[Event "Remco Heite Open 2012"]
[Site "Wolvega NED"]
[Date "2012.11.18"]
[Round "8.2"]
[White "Nijboer, Friso"]
[Black "Dgebuadze, Alexandre"]
[Result "1/2-1/2"]
[WhiteTitle "GM"]
[BlackTitle "GM"]
[WhiteElo "2527"]
[BlackElo "2526"]
[WhiteFideId "1000063"]
[BlackFideId "203882"]
[EventDate "2012.11.17"]

1. e4 e6 2. d4 d5 3. Nc3 Bb4 4. e5 c5 5. a3 Bxc3+ 6. bxc3 Nc6 7. Nf3 Bd7 8. Be2
Qa5 9. Bd2 Qc7 10. Bc1 Qa5 11. Bd2 Qc7 12. O-O Nge7 13. Re1 O-O 14. Bf1 h6 15.
Qc1 f6 16. Bxh6 fxe5 17. Qd1 1/2-1/2

[Event "Remco Heite Open 2012"]
[Site "Wolvega NED"]
[Date "2012.11.18"]
[Round "9.2"]
[White "Ypma, Peter"]
[Black "Nijboer, Friso"]
[Result "0-1"]
[BlackTitle "GM"]
[WhiteElo "2150"]
[BlackElo "2527"]
[WhiteFideId "1027255"]
[BlackFideId "1000063"]
[EventDate "2012.11.17"]

1. d4 f5 2. c4 Nf6 3. Nc3 d6 4. Nf3 g6 5. g3 Bg7 6. Bg2 O-O 7. O-O c6 8. b3 Qa5
9. Qc2 e5 10. dxe5 dxe5 11. e3 e4 12. Nd4 c5 13. Nde2 Nc6 14. a3 Be6 15. Bb2 Bf7
16. Rfd1 Ne5 17. Nd5 Nxd5 18. cxd5 Rad8 19. Nf4 Rd6 20. b4 cxb4 21. axb4 Qd8 22.
Rxa7 g5 23. Ne2 Rxd5 24. Rxd5 Qxd5 25. Nd4 Qd7 26. Bf1 Rc8 27. Qa4 Qxa4 28. Rxa4
Nf3+ 29. Kg2 Nxd4 30. Bxd4 Bxd4 31. exd4 Rc2 32. Kg1 Rc1 33. Kg2 Bh5 34. Bb5
Bf3+ 35. Kh3 Rg1 36. Ra7 Bg4# 0-1